| 000 | 00804nam0a22002531 4500 | ||
|---|---|---|---|
| 001 | rc\2886773 | ||
| 005 | 20250529214422.0 | ||
| 035 | _a(NLR Aleph) 007039303 | ||
| 090 |
_a6081423 _c6081423 |
||
| 100 | _a20110722d1931 |||y0rusy50 ca | ||
| 101 | 0 | _arus | |
| 102 | _aRU | ||
| 105 | _ay z ||||| | ||
| 200 | 1 |
_aЭнтузиасты лесного труда _fД. Мушников |
|
| 210 |
_aИркутск _cОгиз _d1931 _gтипо-литогр. изд-ва "Власть труда" |
||
| 215 |
_a16 с., 1 с. "От автора" на обл. _d21×15 см |
||
| 300 | _aБез тит. л. | ||
| 300 | _aОписано по обложке | ||
| 700 | 1 |
_aМушников _bД. |
|
| 801 | 0 |
_aRU _bNLR _gpsbo |
|
| 801 | 1 |
_aRU _bELAR _2rusmarc |
|
| 852 |
_aNLR _j31-10/3458 |
||
| 942 | _cBOOK | ||
| 980 | _aNB | ||